<?xml version="1.0" encoding="UTF-8"?>
<record
    xmlns:xsi="http://www.w3.org/2001/XMLSchema-instance"
    xsi:schemaLocation="http://www.loc.gov/MARC21/slim http://www.loc.gov/standards/marcxml/schema/MARC21slim.xsd"
    xmlns="http://www.loc.gov/MARC21/slim">

  <leader>01365nam a22001937a 4500</leader>
  <controlfield tag="003">3228</controlfield>
  <controlfield tag="005">20240816150139.0</controlfield>
  <controlfield tag="008">240816b        sa |||||d|||| 00| 1 AFR d</controlfield>
  <datafield tag="020" ind1=" " ind2=" ">
    <subfield code="a">9780637000055</subfield>
    <subfield code="q">pbk</subfield>
  </datafield>
  <datafield tag="040" ind1=" " ind2=" ">
    <subfield code="a">RDA</subfield>
    <subfield code="c">OCLC</subfield>
  </datafield>
  <datafield tag="041" ind1=" " ind2=" ">
    <subfield code="2">A</subfield>
  </datafield>
  <datafield tag="082" ind1=" " ind2=" ">
    <subfield code="a">LP AF VENT</subfield>
  </datafield>
  <datafield tag="100" ind1=" " ind2=" ">
    <subfield code="a">Venter, Peet.</subfield>
  </datafield>
  <datafield tag="245" ind1=" " ind2=" ">
    <subfield code="a">Die dooies praat nie.</subfield>
    <subfield code="c">By Peet Venter.</subfield>
  </datafield>
  <datafield tag="260" ind1=" " ind2=" ">
    <subfield code="a">Pretoria;</subfield>
    <subfield code="b">Lapa Uitgewers;</subfield>
    <subfield code="c">2022.</subfield>
  </datafield>
  <datafield tag="300" ind1=" " ind2=" ">
    <subfield code="a">484 pages;</subfield>
    <subfield code="c">23 cm.</subfield>
  </datafield>
  <datafield tag="520" ind1=" " ind2=" ">
    <subfield code="a">Tydens &#x2018;n swaar re&#xEB;nbui stop Thys Krige by &#x2018;n Mini Cooper wat in &#x2018;n sloot water vasgeval het. Nandia beweer dat sy wegjaag van drie mans en vra Thys om &#x2018;n belangrike dokument vir die ondersoekende joernalis Petro de Wet te stuur. Hy het seker nie meer as &#x2018;n uur met haar te doen gehad het nie. Toe gebeur dit: Geweld kom na hom toe. Nou bevind Thys homself weer voor die vraag: Hoe diep wil hy betrokke raak? Die dokument vra die jeug om by die &#x201C;final struggle&#x201D; aan te sluit en hulself s&#xF3; te bevry en te bemagtig. Daar word van opstand en gewapende mobilisasie gepraat, &#x2018;n tweede Marikana. Hy kan seker onbetrokke bly wat die dokument betref, maar nie wat Nandia betref nie. Dit gaan oor verantwoordelikheid; hy moes haar beskerm het. By Petro wil hy weer veels te graag betrokke raak. Waar trek hy die lyn? Want Thys weet waarop dinge uitloop wanneer hy betrokke raak &#x2026;</subfield>
  </datafield>
  <datafield tag="942" ind1=" " ind2=" ">
    <subfield code="2">ddc</subfield>
    <subfield code="c">BOOK</subfield>
    <subfield code="w">174</subfield>
    <subfield code="x">Sanet Schoeman</subfield>
    <subfield code="y">174</subfield>
    <subfield code="z">Sanet Schoeman</subfield>
  </datafield>
  <datafield tag="999" ind1=" " ind2=" ">
    <subfield code="c">766345</subfield>
    <subfield code="d">766344</subfield>
  </datafield>
  <datafield tag="952" ind1=" " ind2=" ">
    <subfield code="0">0</subfield>
    <subfield code="1">0</subfield>
    <subfield code="2">ddc</subfield>
    <subfield code="4">0</subfield>
    <subfield code="7">0</subfield>
    <subfield code="8">F</subfield>
    <subfield code="a">STANRL</subfield>
    <subfield code="b">BETHL</subfield>
    <subfield code="c">FIC</subfield>
    <subfield code="d">2024-08-16</subfield>
    <subfield code="g">290.50</subfield>
    <subfield code="l">0</subfield>
    <subfield code="o">LP AF VENT</subfield>
    <subfield code="p">33228031152780</subfield>
    <subfield code="r">2024-08-16</subfield>
    <subfield code="w">2024-08-16</subfield>
    <subfield code="y">BOOK</subfield>
  </datafield>
  <datafield tag="952" ind1=" " ind2=" ">
    <subfield code="0">0</subfield>
    <subfield code="1">0</subfield>
    <subfield code="2">ddc</subfield>
    <subfield code="4">0</subfield>
    <subfield code="7">0</subfield>
    <subfield code="8">F</subfield>
    <subfield code="a">STANRL</subfield>
    <subfield code="b">SECL</subfield>
    <subfield code="c">FIC</subfield>
    <subfield code="d">2024-08-16</subfield>
    <subfield code="g">290.50</subfield>
    <subfield code="l">0</subfield>
    <subfield code="o">LP AF VENT</subfield>
    <subfield code="p">33228031152777</subfield>
    <subfield code="r">2024-08-16</subfield>
    <subfield code="w">2024-08-16</subfield>
    <subfield code="y">BOOK</subfield>
  </datafield>
</record>
